logo

Bir Sreshtho Munshi Abdur Rouf Library
Jhenaidah Cadet College

উপনিষদ / (Record no. 11643)

MARC details
000 -LEADER
fixed length control field 01048nam a2200265 a 4500
001 - CONTROL NUMBER
JCCL Control Number 11643
003 - CONTROL NUMBER IDENTIFIER
JCCL marc code BD-JhCC
005 - DATE AND TIME OF LATEST TRANSACTION
control field 20200713113135.0
008 - FIXED-LENGTH DATA ELEMENTS--GENERAL INFORMATION
fixed length control field 200713b2019 bg |||| ||a| 000 0 ben d
020 ## - INTERNATIONAL STANDARD BOOK NUMBER
International Standard Book Number 97898491396483
035 ## - SYSTEM CONTROL NUMBER
system control number (BD-JhCC)11643
040 ## - CATALOGING SOURCE
Original cataloging agency BD-JhCC
Modifying agency BD-JhCC
041 ## - LANGUAGE CODE
Language code of Book ben
082 ## - DEWEY DECIMAL CLASSIFICATION NUMBER
Classification number 294.5923
Author mark and Year UPO 2019
245 ## - TITLE STATEMENT
Title উপনিষদ /
Statement of responsibility, etc সম্পা: অতুল চন্দ্র সেন, সীতানাথ তত্ত্বভূষণ, মহেশচন্দ্র ঘোষ ,ভূমিকা: রমেশ চন্দ্র মজুমদার ।
260 ## - PUBLICATION, DISTRIBUTION, ETC. (IMPRINT)
Place of publication, distribution, etc ঢাকা:
Name of publisher, distributor, etc রিডার্স ওয়েজ;
Date of publication, distribution, etc ২০১৯.
300 ## - PHYSICAL DESCRIPTION
Pagination 1008 p. :
Dimensions 22 cm.
650 ## - SUBJECT ADDED ENTRY--TOPICAL TERM
Topical term or geographic name as entry element Hindu
700 ## - ADDED ENTRY--PERSONAL NAME
Personal name সেন, অতুল চন্দ্র
700 ## - ADDED ENTRY--PERSONAL NAME
Personal name তত্ত্বভূষণ, সীতানাথ
700 ## - ADDED ENTRY--PERSONAL NAME
Personal name ঘোষ, মহেশচন্দ্র
700 ## - ADDED ENTRY--PERSONAL NAME
Personal name মজুমদার, রমেশ চন্দ্র
942 ## - ADDED ENTRY ELEMENTS (KOHA)
Source of classification or shelving scheme Dewey Decimal Classification
Koha item type Books
Holdings
Source of classification or shelving scheme Damaged status Not for loan Home library Current library Shelving location Date of accession Cost, normal purchase price Total Checkouts Full call number Barcode Date last seen Copy number Koha item type
Dewey Decimal Classification   Not For Loan JCC Rouf Library JCC Rouf Library General Stacks 07/13/2020 660.00   294.5923 UPO 2019 15871 07/13/2020 C-1 Books

JCC Library | Contacts | JCC Home

Last Update on 23 September 2017
Copyright @ 2017-2020 JCC Rouf Library
Rouf Library, Jhenidah Cadet College (JCC), Bangladesh